LIBRARY & INFORMATION CENTRE, KCAET, TAVANUR

ONLINE PUBLIC ACCESS CATALOGUE (OPAC)

Vaidhyutha technology / (Record no. 5398)

MARC details
000 -LEADER
fixed length control field 00509cam a2200193ua 4500
041 ## - LANGUAGE CODE
Language code of text/sound track or separate title mal
082 ## - DEWEY DECIMAL CLASSIFICATION NUMBER
Classification number 621.301
Item number HEM/VA
100 ## - MAIN ENTRY--AUTHOR NAME
Personal name Hemachandran, M M .
245 ## - TITLE STATEMENT
Title Vaidhyutha technology /
250 ## - EDITION STATEMENT
Edition statement 1 /
260 ## - PUBLICATION, DISTRIBUTION, ETC. (IMPRINT)
Place of publication Thiruvananthapuram :
Name of publisher State Instititute of Languages ,
Year of publication 1972.
300 ## - PHYSICAL DESCRIPTION
Number of Pages 535 ; .
700 1# - ADDED ENTRY--PERSONAL NAME
Personal name Sreenivas, T R .
700 1# - ADDED ENTRY--PERSONAL NAME
Personal name Vasu, K K .
700 1# - ADDED ENTRY--PERSONAL NAME
Personal name Warrier, B S .
942 ## - ADDED ENTRY ELEMENTS (KOHA)
Koha item type Books
Holdings
Withdrawn status Lost status Damaged status Home library Current library Date acquired Full call number Accession Number Koha item type
      KAUAET KAUAET 07/04/2012 621.301 14210 Books
Withdrawn     KAUAET KAUAET 25/10/2023 621.301 HEM/VA 14211 Books
free website counter